[Event "Mitropa Cup Open 2019"]
[Site "Radenci"]
[Date "2019.06.04"]
[Round "9.2"]
[White "Nagy, Gabor"]
[Black "Druska, Juraj"]
[Result "1/2-1/2"]
[WhiteElo "2471"]
[BlackElo "2460"]
[Annotator "TA"]
[PlyCount "85"]
[EventDate "2019.05.27"]
[EventType "team-tourn"]
[EventCountry "SLO"]
[SourceTitle "playchess.com"]
[Source "ChessBase"]
[SourceQuality "1"]
[WhiteTeam "Hungary"]
[BlackTeam "Slovakia"]
[WhiteTeamCountry "HUN"]
[BlackTeamCountry "SVK"]

{[%evp 17,85,13,15,0,14,25,19,16,9,26,32,4,24,29,29,11,16,17,22,13,16,14,56,50,51,43,74,23,81,58,139,136,139,132,135,125,107,97,170,129,116,91,103,107,125,123,127,119,120,91,104,-53,112,30,147,147,151,152,154,164,161,16,23,-865,-8,-8,-8,-8,0,0]} 1. Nf3 d5 2. g3 Bg4 3. Bg2 c6 4. c4 e6 5. O-O Nd7 6. cxd5 exd5 7. d3 Bc5 8. Nc3 Ngf6 9. Qb3 Bb6 10. Na4 {A11: English Opening: 1...c6} O-O 11. Nxb6 Qxb6 12. Qc2 Rfe8 13. h3 Bh5 {[#]} 14. Bf4 $146 ({Predecessor:} 14. g4 Bg6 15. Nh4 Nf8 16. Kh1 Ne6 17. e3 h5 {1-0 (65) Oparin,G (2616)-Shirov,A (2673) Moscow 2016}) 14... Nf8 15. g4 Bg6 16. Rae1 Ne6 17. Bh2 h5 18. Ne5 hxg4 19. hxg4 Bh7 20. Kh1 Re7 21. f4 Qe3 22. Qd1 (22. Qc3 $16 {And now Bg1 would win.} Qc5 23. f5 Qxc3 24. bxc3) 22... Qd4 (22... Rae8 $1 $11) 23. Qc1 $16 Nd7 (23... Rae8 $14) 24. Nxd7 Rxd7 25. f5 Nf8 26. Rf4 Qf6 27. Rf3 Re8 (27... Qh4 $16) 28. e4 dxe4 29. dxe4 Qh4 {[#]} 30. Qc3 $1 Red8 31. Rh3 Qf2 32. Bg3 Qd2 33. Bh4 {Threatens to win with Qxd2.} Re8 34. Qb3 $2 (34. Rb1 $16) 34... Qf4 $2 (34... g5 $1 $15 {stays ahead.} 35. fxg6 (35. Bg3 $2 Rd3 $19) 35... Nxg6) 35. g5 (35. Kg1 $16) 35... Rd2 {[#]} (35... g6 $1 $11 {remains equal.}) 36. g6 $1 {[%mdl 512]} Nxg6 37. Bg3 Qg5 {aiming for ...Nf4.} 38. fxg6 Bxg6 39. Qxb7 ({White should play} 39. Qc3 $18) 39... Bf5 $1 $11 {[%cal Rf5h3]} 40. Qxc6 $2 {[%mdl 8192]} (40. Rf1 $11 Be6 41. Rf3 (41. Qxc6 Rc8 $11) (41. Qxa7 Qg6 $11)) 40... Bd7 $2 ({Better is} 40... Bxh3 $19 41. Qxe8+ {[#]} Kh7 $1 {[%mdl 512]}) 41. Qc3 {The position is equal.} Bxh3 42. Bxh3 {Rg1 is the strong threat.} Red8 43. Bf1 {Accuracy: White = 52%, Black = 34%.} 1/2-1/2

[Event "Mitropa Cup Open 2019"]
[Site "Radenci"]
[Date "2019.06.04"]
[Round "9.3"]
[White "Repka, Christopher"]
[Black "Kozak, Adam"]
[Result "0-1"]
[WhiteElo "2482"]
[BlackElo "2458"]
[Annotator "TA"]
[PlyCount "90"]
[EventDate "2019.05.27"]
[EventType "team-tourn"]
[EventCountry "SLO"]
[SourceTitle "playchess.com"]
[Source "ChessBase"]
[SourceQuality "1"]
[WhiteTeam "Slovakia"]
[BlackTeam "Hungary"]
[WhiteTeamCountry "SVK"]
[BlackTeamCountry "HUN"]

{[%evp 18,90,14,0,49,16,61,0,47,46,97,94,99,106,139,145,171,177,176,168,151,157,164,160,200,194,178,183,203,157,185,116,102,102,102,102,125,137,134,125,145,115,122,123,108,114,116,108,137,125,118,118,123,122,191,110,111,-150,-149,-142,-139,-137,-137,-633,-620,-29973,-29974,-29974,-29969,-29976,-29977,-29976,-29977,-29977,-1063]} 1. d4 Nf6 2. c4 e6 3. Nc3 d5 4. cxd5 exd5 5. Bg5 Be7 6. e3 c6 7. Bd3 Nbd7 8. Nge2 O-O 9. f3 Re8 10. Qc2 Qb6 {D36: Queen's Gambit Declined: Exchange Variation: Main line (5 Bg5 c6 6 Qc2)} (10... c5 11. O-O h6 12. Bh4 Nf8 13. Rad1 c4 14. Bf5 Bxf5 15. Qxf5 Qd7 16. Qxd7 N8xd7 17. Bxf6 Nxf6 18. e4 dxe4 19. fxe4 Rad8 20. Nf4 Bb4 {½-½ (28) Kryvoruchko,Y (2711)-Kravtsiv,M (2623) Lvov 2015}) 11. O-O-O $146 ({Predecessor:} 11. Bf4 Qb4 12. a3 Qb6 13. O-O Nf8 14. e4 dxe4 15. fxe4 {1-0 (37) Scholz,H (1722)-Koellmer,H (1426) Neustadt an der Weinstrasse 2013}) 11... h6 12. Bh4 ({Better is} 12. h4 $14) 12... Qa5 {The position is equal.} 13. Be1 $1 Qd8 (13... Bb4 $14) 14. g4 $16 c5 15. h4 {Hoping for g5.} c4 16. Bf5 Nf8 17. Nf4 Bd6 18. Nfxd5 Nxd5 19. Nxd5 b5 20. Be4 Be6 21. g5 {aiming for gxh6.} h5 22. Rg1 {Black must now prevent Nf6+!} Kh8 23. Kb1 Rc8 24. Nf4 (24. Bc3 $18) 24... Bxf4 25. exf4 Bd5 26. f5 c3 27. bxc3 ({Stronger than} 27. Bxc3 b4 $17) 27... b4 28. Ka1 Qa5 29. Bxd5 Qxd5 30. Qd3 b3 31. Rg2 Nd7 {[#]} 32. f6 $1 {And now fxg7+ would win.} g6 (32... gxf6 33. gxf6) 33. Rb2 bxa2 34. Rb5 $1 {[%cal Rb5d5]} Qc6 35. c4 ({Don't blunder} 35. Kxa2 $2 Re3 $3 $19 {[%mdl 512]}) 35... Nb6 (35... Rb8 $16 {was worth a try.}) 36. Rc5 ({White should try} 36. d5 $1 $18 {[%cal Rd5c6]} Qxc4 37. Qxc4 Nxc4 38. Bb4) 36... Qa4 {[#]} 37. Bc3 $2 {[%mdl 8192]} (37. Ra5 $1 $16 {[%cal Ra5a4]} Qxc4 38. Qxc4 Nxc4 39. Rc5) 37... Nxc4 $17 38. Rc1 Rxc5 39. dxc5 Rb8 {Threatens to win with ...Qa3!} 40. c6 $2 {[%mdl 8192]} (40. f4 $17) 40... Qxc6 $19 41. Bb4 Rxb4 {Black mates.} 42. Qd8+ Kh7 43. Qf8 {[#]} Rb1+ $1 {[%mdl 64] Decoy, Promotion} 44. Rxb1 axb1=Q+ 45. Kxb1 Qb7+ {Accuracy: White = 55%, Black = 53%.} (45... Qb6+ $142 46. Kc2 Ne3+ 47. Kc3 Qc7+ 48. Kb3 Nf5 49. Ka2 Qc4+ 50. Ka3 Qc1+ 51. Kb4 Qb2+ 52. Kc4 Qa2+ 53. Kc3 a5 54. Qe8 a4 55. Qb8 a3 56. Qf8 Qb2+ 57. Kc4 Ne3+ 58. Kc5 Qc3+ 59. Kb6 Qb3+ 60. Kc7 {[#]} Nf5 $1 {[%mdl 512]} 61. Qe8 a2 62. Qe5 Qc2+ 63. Kd7 Qa4+ {[%mdl 64] Double Attack} 64. Kd8 Qd1+ 65. Kc8 a1=Q 66. Qxa1 Qxa1 67. Kd7 Qa6 68. Kc7 Qd6+ 69. Kc8 Qc6+ 70. Kd8 Qb7 71. Ke8 Qc8+ 72. Kxf7 Qg8#) 0-1

[Event "Mitropa Cup Open 2019"]
[Site "Radenci"]
[Date "2019.06.04"]
[Round "9.4"]
[White "Csonka, Balazs"]
[Black "Pechac, Jergus"]
[Result "1/2-1/2"]
[WhiteElo "2466"]
[BlackElo "2461"]
[Annotator "TA"]
[PlyCount "145"]
[EventDate "2019.05.27"]
[EventType "team-tourn"]
[EventCountry "SLO"]
[SourceTitle "playchess.com"]
[Source "ChessBase"]
[SourceQuality "1"]
[WhiteTeam "HUN"]
[BlackTeam "SVK"]
[BlackTeamCountry "SVK"]

{[%evp 16,145,19,16,31,32,15,31,35,25,18,9,41,30,68,31,99,63,91,101,100,0,0,-10,-17,-8,2,4,16,0,0,0,0,0,0,-14,-7,-56,-20,-20,-20,-17,-16,-20,-15,-75,-8,-6,8,8,10,10,10,10,21,21,18,8,8,6,7,7,7,7,79,79,79,79,70,70,79,79,79,79,79,79,79,79,79,79,79,79,79,79,79,79,79,79,79,79,79,79,80,79,79,79,80,80,80,80,80,80,80,80,80,80,80,80,80,80,80,80,80,80,80,80,80,80,80,80,80,80,80,79,79,79,79,79,79,8,8,8]} 1. e4 c5 2. Nf3 Nc6 3. Bb5 g6 4. Bxc6 dxc6 5. d3 Bg7 6. h3 Nf6 7. Nc3 Nd7 8. Be3 e5 9. Qd2 h6 {B31: Sicilian: 2...Nc6 3 Bb5 g6} 10. O-O (10. a3 b6 11. b4 Nf8 12. bxc5 Ne6 13. cxb6 axb6 14. Qc1 f5 15. a4 f4 16. Bd2 O-O 17. Qb2 {0-1 (51) Meier,G (2628)-Caruana,F (2819) Karlsruhe/Baden Baden 2019}) 10... b6 11. Nh2 Nf8 {White is slightly better.} 12. f4 exf4 13. Bxf4 g5 14. Bg3 Be6 15. e5 Qd4+ {[#]} (15... Ng6 $14) 16. Kh1 $146 ({Predecessor:} 16. Rf2 O-O-O 17. Nf3 {1-0 (36) Firouzja,A (2618)-Alizadeh,G (2191) Teheran 2019}) 16... Bxe5 17. Nf3 Bf4 {[#]} 18. Nxd4 (18. Qe2 $1 $16 Qd6 19. Ne4) 18... Bxd2 $11 19. Nxc6 {Black must now prevent Ne4.} Bxc3 $1 20. bxc3 Ng6 21. a4 f5 (21... Kd7 $5 22. Ne5+ $8 Nxe5 23. Bxe5 Rhe8 $11) 22. Rfe1 Kd7 23. Ne5+ Nxe5 24. Bxe5 Rhe8 25. c4 a5 26. d4 (26. Bg7 {looks sharper.} Rg8 27. Bc3 Rg6 28. Rab1 Bf7 29. d4) 26... cxd4 (26... Bxc4 {is more complex.} 27. dxc5 b5 28. axb5 Bxb5 29. Rad1+ Kc6) 27. Bxd4 Bxc4 28. Bxb6 Bd5 29. Rxe8 Rxe8 30. Bxa5 {[%mdl 4096] Endgame [#] KRB-KRB} (30. c4 $11 {keeps the balance.} Bxc4 31. Bxa5) 30... Kc6 (30... Re2 $1 $17 {[%cal Re2g2]} 31. Rd1 Ke6) 31. c4 Be4 32. Be1 Rb8 33. Kg1 Kc5 34. a5 Kxc4 35. a6 Rb2 36. a7 {Ra4+ is the strong threat.} Bxg2 37. a8=Q (37. Ra4+ {feels hotter.} Kd3 38. Ra3+ Kc4 39. Ra5 Bb7 40. Rxf5 Rb1 41. Kf2) 37... Bxa8 38. Rxa8 {KRB-KR} Kd3 39. Bf2 g4 (39... Ke4 $1 $11 {remains equal.}) 40. hxg4 $16 fxg4 41. Rh8 Ke4 42. Rxh6 g3 43. Bxg3 Kf3 44. Be1 Rb1 45. Kf1 Rb2 46. Rh3+ Ke4 47. Bc3 Rc2 48. Ke1 Rg2 49. Bd2 Kd4 50. Be3+ Kc4 51. Bf2 Rg8 52. Kd2 Rd8+ 53. Kc2 Ra8 54. Rh4+ Kd5 55. Bd4 Rg8 56. Kd3 Rg5 57. Be3 Rf5 58. Rb4 Re5 59. Bf4 {White wants to mate with Rb5+.} Rf5 60. Ra4 Kc6 61. Ke4 Rh5 62. Ra8 Rh4 63. Rc8+ Kb5 64. Ke3 Rh3+ 65. Kd4 Rh4 66. Rf8 Kb4 67. Rb8+ Ka4 68. Ke3 Rh3+ 69. Kd2 Rb3 70. Rc8 Kb5 71. Be5 Rh3 72. Rh8 (72. Bd4 $16) 72... Rxh8 $11 73. Bxh8 {Accuracy: White = 81%, Black = 54%.} 1/2-1/2

[Event "Mitropa Cup Open 2019"]
[Site "Radenci"]
[Date "2019.06.04"]
[Round "9.5"]
[White "Jovanic, Ognjen"]
[Black "Travadon, Loic"]
[Result "1-0"]
[WhiteElo "2511"]
[BlackElo "2441"]
[Annotator "TA"]
[PlyCount "83"]
[EventDate "2019.05.27"]
[EventType "team-tourn"]
[EventCountry "SLO"]
[SourceTitle "playchess.com"]
[Source "ChessBase"]
[SourceQuality "1"]
[WhiteTeam "Croatia"]
[BlackTeam "France"]
[WhiteTeamCountry "CRO"]
[BlackTeamCountry "FRA"]

{[%evp 14,83,1,0,0,-9,11,-8,12,0,0,0,8,-13,0,0,0,0,20,-16,55,-35,-20,-93,-15,-16,-15,-23,-9,-154,-24,-24,0,0,0,0,27,18,60,-91,-86,-85,-63,-58,50,70,103,95,121,97,264,269,347,346,331,322,326,319,377,352,420,335,506,393,394,388,371,297,431,456,1118,1095]} 1. d4 Nf6 2. Nf3 g6 3. Bf4 Bg7 4. e3 O-O 5. c3 b6 6. Be2 Bb7 7. O-O d6 8. h3 Nbd7 {A48: 1 d4 Nf6 2 Nf3 g6: Torre, London and Colle Systems} 9. Bh2 Qe8 10. a4 a6 {The position is equal.} 11. Nbd2 e5 12. dxe5 dxe5 13. Nc4 {[%cal Rc4e5]} e4 $146 ({Predecessor:} 13... Ne4 14. Nfd2 Nxd2 15. Qxd2 Qe7 16. Rfd1 Rad8 17. Qe1 Nc5 {1-0 (39) Cori Tello,J (2659)-Escalante Ramirez,B (2422) Montevideo 2018}) 14. Nd4 Nd5 15. Qc2 f5 16. Rfe1 f4 (16... Qe7 $11) 17. Bg4 (17. exf4 $14 Nxf4 18. Nd2) 17... Nc5 $15 18. Rad1 (18. Be2 $11) 18... h5 (18... f3 $17 {Threatens to win with ...h5.} 19. gxf3 h5 20. fxe4 hxg4 21. exd5 Bxd5) 19. Be2 $11 Qf7 20. Rf1 Rae8 21. b4 {[#]} (21. exf4 $11 Nxf4 22. Bxf4 Qxf4 23. b4) 21... f3 $1 {[%mdl 512]} 22. bxc5 {Black must now prevent gxf3.} ({Don't play} 22. gxf3 exf3 23. Nxf3 (23. Bxf3 Nxa4 24. Rd3 Naxc3 $17) 23... Qf5 $17) 22... fxe2 23. Nxe2 bxc5 24. Na5 {[%cal Bc4a5,Ba5b3,Bb3d4,Bd4c6][%mdl 32]} Bc8 25. Nb3 $36 {[%mdl 2048] White has the initiative.} Bh6 26. Nf4 $2 (26. Bg3 $14) 26... Nxf4 $17 27. Bxf4 g5 28. Bh2 $1 g4 (28... h4 $1 $15 29. Nxc5 g4 30. hxg4 (30. Nxe4 $2 Bf5 $19) 30... Bxg4) 29. h4 $1 $14 c4 30. Nd4 Qe7 31. Bg3 c5 $2 (31... Bb7 $16 {was necessary.}) 32. Nc6 $18 Qb7 33. Rd6 Bg7 34. Rb1 Qf7 35. Rbd1 Bf5 36. R1d5 Re6 37. Rxe6 Bxe6 (37... Qxe6 $142 38. Rxc5 Bg6) 38. Rxc5 Kh7 39. Nd4 Bd5 40. Rc7 Qf6 (40... Qe8 $142 41. Ra7 Rf6) 41. Rd7 Bc6 (41... Bf7 $142 42. Qxe4+ Bg6) 42. Rd6 {[%mdl 64] Double Attack. Accuracy: White = 37%, Black = 28%.} 1-0

[Event "Mitropa Cup Open 2019"]
[Site "Radenci"]
[Date "2019.06.04"]
[Round "9.6"]
[White "Joie, Sebastien"]
[Black "Kovacevic, Blazimir"]
[Result "0-1"]
[WhiteElo "2425"]
[BlackElo "2456"]
[Annotator "TA"]
[PlyCount "50"]
[EventDate "2019.05.27"]
[EventType "team-tourn"]
[EventCountry "SLO"]
[SourceTitle "playchess.com"]
[Source "ChessBase"]
[SourceQuality "1"]
[WhiteTeam "France"]
[BlackTeam "Croatia"]
[WhiteTeamCountry "FRA"]
[BlackTeamCountry "CRO"]

{[%evp 9,50,14,37,20,34,17,25,1,29,2,8,5,32,11,16,-25,0,-22,0,-7,8,13,12,0,60,-14,0,0,0,-7,-9,-71,-66,-60,-78,-388,-399,-383,-386,-399,-376,-511,-464]} 1. Nf3 Nf6 2. g3 b5 3. Bg2 Bb7 4. Na3 a6 5. c4 c6 (5... b4 6. Nc2 e6 7. O-O Be7 8. d4 Be4 9. a3 bxa3 10. b3 O-O 11. Bxa3 d6 12. Ne3 c6 13. Qd2 Nbd7 14. Nd1 Qb6 15. Nc3 Qxb3 16. Ne5 dxe5 17. Bxe7 exd4 18. Nxe4 Nxe4 19. Bxe4 Rfe8 20. Bxc6 Ra7 21. Qxd4 {1-0 (21) Nakamura,H (2793)-Oparin,G (2604) Zuerich 2017}) 6. O-O {A05: Réti Opening: 1 Nf3 Nf6} e6 7. b3 d5 8. d3 {White has an edge.} Bd6 $146 ({Predecessor:} 8... Nbd7 9. Bb2 Be7 10. Nc2 O-O 11. Qd2 {½-½ (35) Novik,M (2484)-Turov,M (2609) St Petersburg 2015}) 9. Nc2 O-O 10. Bb2 c5 11. Nd2 Nbd7 12. e4 Be5 13. Qc1 (13. d4 {seems wilder.} cxd4 14. exd5 d3 15. Nd4 Qb6 16. N2f3) 13... bxc4 14. bxc4 Bxb2 15. Qxb2 Rb8 16. Qa3 Qc7 ({Black should play} 16... d4 $11) 17. f4 (17. cxd5 $1 $14 exd5 18. Ne3) 17... dxe4 18. dxe4 Rfd8 19. Qc3 Nb6 {[%cal Bd7b6,Bb6a4,Ba4b2,Bb2d1][%mdl 32]} 20. Rad1 (20. Rf2 $11 {keeps the balance.}) 20... Na4 $36 {[%mdl 2048] Black has the initiative.} 21. Qa3 Bc6 {And now ...Rb2 would win.} 22. e5 $2 {[%mdl 8192]} (22. Nf3 $17 {is tougher.}) 22... Bxg2 $1 $19 23. Kxg2 {[#]} Nb2 $1 {White must now prevent ...Ng4.} 24. exf6 {[#]} Rd3 $1 {[%cal Rd3a3]} 25. Qxa6 Nxd1 {Accuracy: White =  9%, Black = 48%.} 0-1

[Event "Mitropa Cup Open 2019"]
[Site "Radenci"]
[Date "2019.06.04"]
[Round "9.7"]
[White "Tica, Sven"]
[Black "Di Nicolantonio, Lucas"]
[Result "1/2-1/2"]
[WhiteElo "2417"]
[BlackElo "2379"]
[Annotator "TA"]
[PlyCount "60"]
[EventDate "2019.05.27"]
[EventType "team-tourn"]
[EventCountry "SLO"]
[SourceTitle "playchess.com"]
[Source "ChessBase"]
[SourceQuality "1"]
[WhiteTeam "Croatia"]
[BlackTeam "France"]
[WhiteTeamCountry "CRO"]
[BlackTeamCountry "FRA"]

{[%evp 19,60,29,41,-1,15,-4,51,21,43,25,28,14,17,4,18,12,18,-29,-21,-47,-38,-31,-29,-31,-31,-31,-31,-31,-27,-29,-31,-69,-24,-27,-24,-24,-24,-24,-24,-24,-24,-24,-24]} 1. Nf3 f5 2. d4 Nf6 3. g3 g6 4. Bg2 Bg7 5. O-O O-O 6. b3 d6 7. Bb2 Ne4 8. c4 Nc6 9. Nc3 Nxc3 10. Bxc3 e5 11. e3 {A89: Dutch Defence: Leningrad System: 5 Nf3 0-0 6 0-0 d6 7 Nc3 Nc6} (11. dxe5 Qe8 12. b4 Nxe5 13. Rc1 Qe7 14. c5 Nxf3+ 15. Bxf3 dxc5 16. Bxg7 Kxg7 17. bxc5 c6 18. Qd4+ Qf6 19. Qb4 {1-0 (48) Laznicka,V (2665)-Berg,E (2575) Reykjavik 2015}) 11... Qe7 $146 ({Predecessor:} 11... f4 12. exf4 exf4 13. Qd2 Bg4 14. d5 Bxf3 15. Bxg7 Kxg7 16. dxc6 Bxg2 17. Kxg2 {½-½ (25) Itagyba,R (1676)-Desideri,R (1929) Sao Paulo 2017}) 12. Qd2 Kh8 (12... e4 $11 13. Ne1 Bd7) 13. Qb2 {White is slightly better.} g5 14. dxe5 dxe5 15. Rfd1 g4 16. Ne1 e4 17. Bxg7+ Qxg7 18. Qxg7+ (18. Qa3 {is more complex.} Be6 19. Bf1 Qe7 20. c5 Ne5 21. Ng2) 18... Kxg7 19. Nc2 Ne5 20. Nd4 Bd7 21. Ne2 Be6 22. Nf4 Bf7 23. h3 h5 24. h4 Rfd8 25. Kf1 Kf8 26. Ke2 {Black has an edge.} Ke7 27. Rxd8 Rxd8 28. Rd1 Rxd1 29. Kxd1 Kd6 30. Kc2 c5 {Accuracy: White = 39%, Black = 49%.} 1/2-1/2

[Event "Mitropa Cup Open 2019"]
[Site "Radenci"]
[Date "2019.06.04"]
[Round "9.8"]
[White "Eugene, Floryan"]
[Black "Srbis, Jurica"]
[Result "1/2-1/2"]
[WhiteElo "2303"]
[BlackElo "2429"]
[Annotator "TA"]
[PlyCount "60"]
[EventDate "2019.05.27"]
[EventType "team-tourn"]
[EventCountry "SLO"]
[SourceTitle "playchess.com"]
[Source "ChessBase"]
[SourceQuality "1"]
[WhiteTeam "France"]
[BlackTeam "Croatia"]
[WhiteTeamCountry "FRA"]
[BlackTeamCountry "CRO"]

{[%evp 12,60,0,12,26,22,27,18,35,24,26,25,17,12,22,11,33,18,7,1,24,12,29,16,7,-23,4,0,0,0,0,-2,0,-4,0,0,0,0,0,-8,0,0,0,0,0,0,0,0,0,0,0]} 1. e4 e5 2. Nf3 Nc6 3. Bc4 Bc5 4. O-O Nf6 5. d3 O-O 6. Bg5 h6 7. Bh4 Be7 {C50: Hungarian Defence and Giuoco Pianissimo} 8. Bg3 d6 9. a4 Nh7 (9... Be6 10. Nbd2 Bxc4 11. Nxc4 g6 12. c3 Nh5 13. Qb3 Rb8 14. Rfe1 Bf6 15. Rad1 {½-½ (40) Adhiban,B (2668)-So,W (2776) Douglas 2018}) 10. h3 Kh8 11. Nc3 f5 12. exf5 Bxf5 13. Nd5 Ng5 $146 ({Predecessor:} 13... Nf6 14. Re1 Nxd5 15. Bxd5 {1-0 (81) Godena,M (2508)-Plenca,J (2487) Le Castella 2018}) 14. Nxg5 Bxg5 15. a5 a6 16. c3 Ne7 17. Nxe7 Qxe7 18. Qe2 Qd7 19. f4 {The position is equal.} exf4 20. Bxf4 Rae8 21. Qd2 d5 {[#] White must now prevent ...Bxf4.} 22. Ba2 Bxf4 23. Rxf4 Bg6 24. Rxf8+ Rxf8 25. d4 Be4 (25... Qb5 {keeps more tension.} 26. b4 b6 27. axb6 cxb6 28. Bb3 a5) 26. Bb1 Bxb1 27. Rxb1 Qb5 28. b4 Re8 29. Rf1 Qd7 30. Qf4 Kg8 {Accuracy: White = 48%, Black = 58%.} 1/2-1/2

[Event "Mitropa Cup Open 2019"]
[Site "Radenci"]
[Date "2019.06.04"]
[Round "9.9"]
[White "Bogner, Sebastian"]
[Black "Stella, Andrea"]
[Result "1/2-1/2"]
[WhiteElo "2597"]
[BlackElo "2511"]
[Annotator "TA"]
[PlyCount "63"]
[EventDate "2019.05.27"]
[EventType "team-tourn"]
[EventCountry "SLO"]
[SourceTitle "playchess.com"]
[Source "ChessBase"]
[SourceQuality "1"]
[WhiteTeam "Switzerland"]
[BlackTeam "Italy"]
[WhiteTeamCountry "SUI"]
[BlackTeamCountry "ITA"]

{[%evp 22,63,23,14,7,14,11,16,18,15,19,0,0,-21,0,-6,-4,-31,0,-26,-21,-29,-35,-31,-21,-57,0,0,0,-27,0,-6,-6,-6,-6,-18,-18,-18,-18,-47,0,0,0,0]} 1. d4 Nf6 2. c4 g6 3. Nc3 d5 4. cxd5 Nxd5 5. e4 Nxc3 6. bxc3 Bg7 7. Bc4 c5 8. Ne2 Nc6 9. Be3 O-O 10. O-O Na5 11. Bd3 b6 12. Rc1 e5 {[%cal Re5d4] D87: Exchange Grünfeld: Classical Line: Variations without ...cxd4} 13. dxc5 Be6 14. c4 bxc5 $1 15. Bxc5 Bh6 16. Bxf8 (16. Rc3 {seems wilder.} Re8 17. Be3 Bxe3 18. fxe3 Qg5 19. c5) (16. Rc3 Re8 17. Qc2 Qc7 18. Ba3 Rab8 19. h3 Red8 20. Bc1 {1-0 (70) Aronian,L (2764)-Mamedyarov,S (2808) Stavanger 2018}) 16... Bxc1 17. Bb4 {[#] Hoping for Bxa5.} Bg5 $146 ({Predecessor:} 17... Bh6 18. Bxa5 Qxa5 19. Qb3 Rd8 20. Qd1 {0-1 (49) Lou,Y (2492)-Wan,Y (2505) China 2014}) 18. c5 Nc6 19. Bd2 Be7 20. Qc2 (20. Ba6 {feels hotter.} Rb8 21. Qc2 Bg4 22. Qc3 Bxc5 23. Qxc5 Qxd2 24. Nc3) 20... Bxc5 21. Bc4 Bxc4 22. Qxc4 Qxd2 23. Qxc5 Qxe2 ({Black should try} 23... Rc8 $15 24. Qc4 h5) 24. Qxc6 $11 {[%mdl 4096] Endgame KQR-KQR} Rd8 25. Qa4 Kg7 26. h3 Rd4 27. Qxa7 Qxe4 28. Qa5 Ra4 29. Qd2 $1 Qd4 30. Rd1 Rxa2 31. Qxd4 exd4 32. Rxd4 {Accuracy: White = 45%, Black = 62%.} 1/2-1/2

[Event "Mitropa Cup Open 2019"]
[Site "Radenci"]
[Date "2019.06.04"]
[Round "9.10"]
[White "Sonis, Francesco"]
[Black "Studer, Noel"]
[Result "1/2-1/2"]
[WhiteElo "2475"]
[BlackElo "2517"]
[Annotator "TA"]
[PlyCount "94"]
[EventDate "2019.05.27"]
[EventType "team-tourn"]
[EventCountry "SLO"]
[SourceTitle "playchess.com"]
[Source "ChessBase"]
[SourceQuality "1"]
[WhiteTeam "Italy"]
[BlackTeam "Switzerland"]
[WhiteTeamCountry "ITA"]
[BlackTeamCountry "SUI"]

{[%evp 12,94,-8,-10,2,3,4,-6,0,0,-1,-10,-14,-34,-28,-24,-27,-28,-18,-44,-25,-38,-30,-39,-38,-47,-54,-49,-37,-32,-16,-30,-2,-4,-10,-8,0,0,0,-4,0,0,0,-13,-8,-20,-5,-7,-6,-6,0,-7,0,-6,-6,-16,-16,-10,-12,-14,-14,-16,-16,-13,-18,-19,-21,-14,-15,-54,-5,-20,0,0,-1,-1,-2,-8,0,0,0,-8,0,0,0]} 1. d4 Nf6 2. c4 e6 3. Nc3 Bb4 4. e3 O-O 5. Bd3 d5 6. Nge2 dxc4 7. Bxc4 a6 {E48: Nimzo-Indian: Rubinstein: 5 Bd3 d5 including 6 Ne2, but excluding 6 a3} (7... c5 8. O-O cxd4 9. exd4 Nc6 10. a3 Bd6 11. h3 b6 12. Bg5 Bb7 13. d5 exd5 14. Bxd5 Be7 15. Bf3 h6 16. Bf4 Na5 17. Bxb7 Nxb7 18. Rc1 Nc5 19. Nd4 {½-½ (62) Vachier Lagrave,M (2789)-Ding,L (2791) Stavanger 2018}) 8. a3 Be7 9. O-O c5 10. dxc5 Bxc5 11. Qc2 $146 ({Predecessor:} 11. Bd3 Be7 12. Nd4 b5 13. b4 Bb7 14. Bb2 Nbd7 15. Nb3 {1-0 (119) Abdusattorov,N (2546)-Tregubov,P (2592) St Petersburg 2018}) 11... Nbd7 12. Ng3 b5 13. Bd3 Bb7 14. Rd1 Rc8 15. Qe2 Qb6 16. Nge4 Be7 17. Nxf6+ Bxf6 18. Bxh7+ Kxh7 19. Rxd7 Qc6 {[%csl Gb7][%cal Rc6g2] [#]} 20. Qd3+ Kg8 {[%csl Gb7][%cal Rc6g2]} 21. f3 Rfd8 22. Rxd8+ Rxd8 23. Qe2 Bxc3 24. bxc3 Qxc3 25. Bb2 Qd2 26. Qxd2 Rxd2 $11 {[%mdl 4096] Endgame KRB-KRB} 27. Bc3 Rd3 28. Bd4 Bd5 29. Bc5 Rc3 30. Bd4 Rd3 31. Bc5 Rc3 32. Bd4 Rc4 33. Bb6 f5 34. Bd4 g5 35. Bf6 g4 36. Kf2 Kf7 37. Be5 Rc2+ 38. Kg3 Re2 {And now ...gxf3 would win.} 39. Bd4 {[#]} e5 $1 {[%mdl 512]} 40. Bb6 (40. Bxe5 gxf3) 40... Rc2 (40... a5 $5 41. Ba7 Rc2 $17) 41. h4 {The position is equal.} gxf3 42. gxf3 Rc3 43. f4 Rc6 44. Bd8 Rc3 45. Bb6 Rc6 46. Bd8 Rc3 47. Bb6 Rc6 {Accuracy: White = 61%, Black = 58%.} 1/2-1/2